000
00298 a2200145 4500
001
172046
020
_a
040
_c
Magnum
100
_a
Paoliello, Lindolfo
240
1
0
_a
Nosso alegre gurufim
_l
por
245
1
0
_a
Nosso alegre gurufim
362
0
_a
1899
697
_a
J/CRONICA
942
_c
BK
999
_c
172046
_d
172046